| 000 | 01011cam a2200301Ia 4500 | ||
|---|---|---|---|
| 001 | celialois00menz | ||
| 003 | CaSfIA | ||
| 005 | 20230525154941.0 | ||
| 007 | cr|||| | ||
| 008 | 950809s1995 nyu 000 1 eng d | ||
| 010 | _a 95090143 | ||
| 040 |
_aSDL _cSDL _dSVP _dOCL _dOCLCQ _dCaSfIA |
||
| 020 |
_a0449223426 : _c$4.50 |
||
| 020 | _a9780449223420 | ||
| 035 | _a(OCoLC)32942588 | ||
| 043 | _ae-uk-en | ||
| 050 | 4 |
_aPS3563.E593 _bC44 1995 |
|
| 100 | 1 | _aMenzel, Lois. | |
| 245 | 1 | 0 |
_aCelia / _h[electronic resource] _cLois Menzel. |
| 250 | _a1st ed. | ||
| 260 |
_aNew York : _bFawcett Crest/Ballantine, _c1995. |
||
| 300 |
_a213 p. ; _c17 cm. |
||
| 651 | 0 |
_aEngland _xSocial life and customs _y19th century _vFiction. |
|
| 655 | 7 |
_aRegnecy novels. _2gsafd |
|
| 029 | 1 |
_aAU@ _b000013475642 |
|
| 856 | 4 | 1 |
_uhttp://www.archive.org/details/celialois00menz _zFree eBook from the Internet Archive |
| 856 | 4 | 2 |
_uhttp://www.openlibrary.org/books/OL7566668M _zAdditional information and access via Open Library |
| 999 |
_c20397 _d20397 |
||